Problemas resueltos de tecnología eléctrica
Zapisane w:
| Główni autorzy: | , , |
|---|---|
| Format: | Książka |
| Język: | hiszpański |
| Wydane: |
Madrid
Paraninfo
2003
|
| Seria: | Paso a Paso
|
| Hasła przedmiotowe: | |
| Etykiety: |
Dodaj etykietę
Nie ma etykietki, Dołącz pierwszą etykiete!
|
MARC
| LEADER | 00000nam a2200000 a 4500 | ||
|---|---|---|---|
| 001 | UCL9527 | ||
| 003 | CL-VaPUC | ||
| 008 | 040813e20030000SP |||||||||||||||||spa|d | ||
| 020 | |a 8497321944 | ||
| 082 | 0 | 4 | |a 621.313 |b MOR |2 21 |
| 100 | |a Moreno Alfonso, Narciso |e autor |9 502581 | ||
| 700 | 0 | |a Bachiller Soler, Alfonso |e author |9 487400 | |
| 700 | 0 | |a Bravo, Juan Carlos |e author |9 487401 | |
| 245 | 1 | 0 | |a Problemas resueltos de tecnología eléctrica |
| 300 | |a 309 p | ||
| 942 | |c BK | ||
| 945 | |d 20040813 00:00:00 |a cmena | ||
| 260 | |a Madrid |b Paraninfo |c 2003 | ||
| 650 | 0 | |a Máquinas eléctricas |9 260079 | |
| 650 | 0 | |a Circuitos eléctricos |9 260262 | |
| 650 | 7 | |a POTENCIA ELECTRICA |2 CL-VaPUC |9 345463 | |
| 650 | 0 | |a Corriente alterna |9 260070 | |
| 650 | 0 | |a Corriente continua |9 260069 | |
| 650 | 0 | |a Transformadores eléctricos |9 263198 | |
| 583 | |a last modification |c 20190704 02:49:08 |k Rodrigo Vera | ||
| 490 | 0 | |a Paso a Paso | |
| 999 | |c 310292 |d 310290 | ||
| 952 | |0 0 |1 0 |2 ddc |4 0 |6 621_313000000000000_MOR_2003 |7 0 |8 A |9 378586 |a BIBING |b BIBING |c RES |d 2019-11-21 |i 4047613 |o 621.313 MOR 2003 |p 4047613 |r 2025-01-20 |w 2019-11-21 |y BK |k EIE | ||